000 00421nam a2200157Ia 4500
008 210716s2001 xx 000 0 und d
020 _a0130183784
041 _aeng
082 _a658.4 JONG
100 _aJones, Gareth R.
245 _aOrganizational theory : text and cases.
_bText and cases.
250 _a3
260 _aNew Jersey
_bPrentice Hall
_c2001
300 _axxii,599
650 _aOrganisational Behavior
999 _c203019
_d203019